然後, 你就中毒了: (Record no. 7532)
[ view plain ]
| 000 -記錄標示(系統產生) | |
|---|---|
| fixed length control field | 00449nam a22001457a 4500 |
| 020 ## - ISBN | |
| ISBN | 978-626-7336-30-4 |
| 050 ## - LIBRARY OF CONGRESS CALL NUMBER | |
| Classification number | 415.225 |
| 060 ## - NATIONAL LIBRARY OF MEDICINE CALL NUMBER | |
| Classification number | 415.225 |
| 082 ## - DEWEY DECIMAL CLASSIFICATION NUMBER | |
| Classification number | 415.225 |
| 100 ## - 主要款目 | |
| 第一作者姓名 | 洪東榮 |
| 245 ## - 書籍基本資料 | |
| 書名 | 然後, 你就中毒了: |
| 副標題 | 來不及後悔的毒物真相, 跟著醫師秒懂食品安全、藥物危害、野外傷害、環境工災等致命毒害 |
| 250 ## - 書籍版本資料 | |
| 書籍版本 | 初版 |
| 260 ## - 書籍出版資料 | |
| 出版地 | 臺北市 |
| 出版者 | 創意市集 |
| 出版年 | 2024.01 |
| 942 ## - 其他項目(KOHA) | |
| 分類法來源 | 中文圖書分類法 |
| 館藏類型設定 | 一般圖書 |
| 撤銷狀態 | 遺失狀態 | 分類號來源 | 損壞狀態 | 不外借 | 永久館藏地 | 現在館藏地 | 書架位置 | 採購日期 | 所有借閱數 | Total Renewals | 完整索書號 | 條碼號 | 最後一次日期記錄 | 最後借出日期 | 一般價格有效日期 | Koha館藏類型 | 公開資訊 |
|---|---|---|---|---|---|---|---|---|---|---|---|---|---|---|---|---|---|
| 未註銷館藏 | 未遺失 | 中文圖書分類法 | 未損毀 | 可外借 | 怡仁綜合醫院圖書館 | 怡仁綜合醫院圖書館 | 2024-03-05 | 3 | 3 | 415.225 | C03112 | 2024-09-24 | 2024-09-11 | 2024-03-05 | 一般圖書 | 你知道哪些食物、用品含有毒性?中毒之後又該如何正確處置? 生活中致毒的原因很多, 從吃下的食物、服用的藥物劑量、吸入的空氣、接觸的物品等等, 都有可能因不當輕忽或過量而送命。 |